00234nam a2200085 4500082001500000245004600015260002600061300000700087650005400094 a633.53 GAN aProceeding of a Panel Discussion on Ganja aColombobICHEMCc1971 a22 aProceeding of a Panel Discussion on Ganjaa Ganja